Najludniejsze miasta świata, z wyjątkami - Statystyki

Ogólne statystyki
  • Ten quiz został rozwiązany 227 razy
  • Średni wynik to 12 z 15
Statystyki odpowiedzi
Liczba
ludności
Kraj Miasto % Poprawnych
40,400,000 Japonia Tokio
99%
17 300 000 Rosja Moskwa
93%
24,800,000 Korea Południowa Seul
92%
23 000 000 Meksyk Meksyk
91%
21 000 000 Egipt Kair
88%
16 000 000 Turcja Stambuł
87%
16 400 000 Argentyna Buenos Aires
85%
18,800,000 Tajlandia Bangkok
77%
31,300,000 Indonezja Dżakarta
77%
15 300 000 Iran Teheran
75%
25,700,000 Filipiny Manila
74%
22.400.000 Brazylia Sao Paulo
74%
17,700,000 Japonia Osaka
62%
20,200,000 Bangladesz Dhaka
61%
17,800,000 Pakistan Karaczi
41%
Nie znaleziono quizów pasujących do podanych kryteriów
Rozkład punktacji
Procent ludzi z każdym wynikiem
Percentyl według liczby udzielonych odpowiedzi
Twoja historia wyników
Nie rozwiązałeś tego quizu